| 000 | 00000nam 2200000zi 4500 |
| 001 | 9.867924 |
| 003 | CaOODSP |
| 005 | 20241203113645 |
| 006 | m o d f |
| 007 | cr nn||||||||| |
| 008 | 190201s1986 onc o f000 0 eng d |
| 040 | |aCaOODSP|beng|erda|cCaOODSP |
| 041 | |aeng|bfre |
| 043 | |an-cn--- |
| 086 | 1 |aEn13-5/87-59E-PDF |
| 100 | 1 |aEngel, Peter, |d1938- |eauthor. |
| 245 | 10|aBedload transport in gravel bed streams / |cdiscussion by Peter Engel. |
| 264 | 1|aBurlington, Ontario : |bResearch and Applications Branch, National Water Research Institute, Canada Centre for Inland Waters, |c1986. |
| 300 | |a1 online resource (ii, 4 pages). |
| 336 | |atext|btxt|2rdacontent |
| 337 | |acomputer|bc|2rdamedia |
| 338 | |aonline resource|bcr|2rdacarrier |
| 490 | 1 |aNWRI contribution ; |v87-59 |
| 500 | |aCover title. |
| 500 | |a"Submitted for publication in the Journal of Hydraulic Engineering, American Society of Engineers." |
| 500 | |aDigitized edition from print [produced by Environment and Climate Change Canada]. |
| 520 | 3 |a"This discussion points out that the analysis of the author could result in spurious correlation. By a small change in independent variables, a more physically meaningful relation for bedload transport is obtained"--Abstract, page ii. |
| 546 | |aIncludes management perspective and abstract in French. |
| 692 | 07|2gccst|aSediments |
| 692 | 07|2gccst|aStreams |
| 710 | 1 |aCanada. |bEnvironment Canada. |
| 710 | 2 |aNational Water Research Institute (Canada). |bResearch and Applications Branch. |
| 830 | #0|aNWRI contribution ;|v87-59.|w(CaOODSP)9.844121 |
| 856 | 40|qPDF|s366 KB|uhttps://publications.gc.ca/collections/collection_2019/eccc/En13-5-87-59-eng.pdf |